LEGO Ninjago Season 15: Crystalized Minifigures - Statistics

General Stats
  • This quiz has been taken 48 times
  • The average score is 16 of 17
Answer Stats
Picture Answer % Correct
Jay
100%
Kai
100%
Lloyd
100%
Wu
100%
Zane
100%
Cole
97%
Crystal King
97%
Harumi
97%
Lord Garmadon
97%
Nya
97%
Pythor
97%
Skull Sorcerer
97%
Skylor
97%
Aspheera
94%
The Mechanic
94%
Mr. F
89%
Lil' Nelson
86%
No matching quizzes found
Score Distribution
Percent of People with Each Score
Percentile by Number Answered
Your Score History
You have not taken this quiz